[Event "Quebec op"]
[Site "Quebec"]
[Date "2018.07.28"]
[Round "9"]
[White "Zhao, Jim"]
[Black "Bouton, Christophe"]
[Result "1-0"]
[WhiteElo "2169"]
[BlackElo "2016"]
[PlyCount "57"]
[EventDate "2018.07.21"]
[EventType "swiss"]
[EventRounds "9"]
[EventCountry "CAN"]
[SourceTitle "CBM 186 Extra"]
[Source "ChessBase"]
[SourceDate "2018.08.24"]
[SourceVersion "1"]
[SourceVersionDate "2018.08.24"]
[SourceQuality "1"]

1. Nf3 Nf6 2. c4 e6 3. b3 c5 4. Bb2 Be7 5. g3 b6 6. Bg2 Bb7 7. 0-0 0-0 8. Nc3 d5 9. cxd5 Nxd5 10. Qc2 Na6 11. Rfd1 Rc8 12. Rac1 Ba8 13. Qb1 Bf6 14. Nb5 Bxb2 15. Qxb2 Qe7 16. a4 Nab4 17. d4 cxd4 18. Nfxd4 a5 19. e4 Nf6 20. e5 Nd7 21. Bxa8 Rxa8 22. Nc6 Nxc6 23. Rxc6 Nc5 24. Rxb6 Ne4 25. Rc6 Rac8 26. Rxc8 Rxc8 27. Nd6 Nxd6 28. exd6 Qd7 29. Qe5 1-0

[Event "Canadian op"]
[Site "Quebec"]
[Date "2018.07.13"]
[Round "8"]
[White "Rodrigue Lemieux, Shawn"]
[Black "Zhao, Jim"]
[Result "1-0"]
[WhiteElo "2267"]
[BlackElo "2169"]
[PlyCount "101"]
[EventDate "2018.07.07"]
[EventType "swiss"]
[EventRounds "9"]
[EventCountry "CAN"]
[SourceTitle "CBM 185 Extra"]
[Source "ChessBase"]
[SourceDate "2018.07.29"]
[SourceVersion "1"]
[SourceVersionDate "2018.07.29"]
[SourceQuality "1"]

1. d4 d5 2. c4 dxc4 3. Nf3 e6 4. e3 c5 5. Bxc4 a6 6. 0-0 b5 7. Be2 Bb7 8. a4 b4 9. Nbd2 Nf6 10. dxc5 Nbd7 11. c6 Bxc6 12. Nd4 Bd5 13. Bf3 Ne5 14. Bxd5 Qxd5 15. Qe2 Be7 16. b3 0-0 17. Bb2 Ne4 18. Rfd1 Bf6 19. Rac1 Nxd2 20. Rxd2 Qe4 21. f3 Qg6 22. f4 Ng4 23. Nc6 Kh8 24. Nxb4 Qe4 25. Bxf6 gxf6 26. Nc2 Rg8 27. Rd4 Qf5 28. Ne1 a5 29. Qf3 Rac8 30. Rdd1 e5 31. h3 Nh6 32. fxe5 fxe5 33. Qxf5 Nxf5 34. Kf2 Rxc1 35. Rxc1 Rb8 36. Rc5 f6 37. Rb5 Rxb5 38. axb5 Kg7 39. Nd3 Nd6 40. b6 Nb7 41. Kf3 Kf7 42. Kg4 Kg6 43. e4 h6 44. h4 h5+ 45. Kf3 Kf7 46. g4 Kg6 47. Nb2 Nc5 48. Nc4 Nb7 49. gxh5+ Kxh5 50. Kg3 Nc5 51. Nd6 1-0